[Event "EU-ch 6th"]
[Site "Warsaw"]
[Date "2005.06.21"]
[Round "4"]
[White "Wojtaszek, Radoslaw"]
[Black "Sokolov, Ivan"]
[Result "1-0"]
[WhiteElo "2569"]
[BlackElo "2662"]
[Annotator "Marin,M"]
[PlyCount "125"]
[EventDate "2005.06.18"]
[EventType "swiss"]
[EventRounds "13"]
[EventCountry "POL"]
[SourceTitle "CBM 108"]
[Source "ChessBase"]
[SourceDate "2005.09.26"]
[SourceVersion "1"]
[SourceVersionDate "2005.09.26"]
[SourceQuality "1"]

1. Nf3 d5 2. c4 c6 3. e3 Nf6 4. Nc3 a6 5. b3 Bg4 6. Bb2 ({The main line is
considered to be} 6. Be2 {when Black cannot easily advance his central pawn to
e5.}) 6... e5 {The most principled reaction.} ({However, there is nothing
wrong with} 6... e6 {when play is likely to transpose to the lines initiated
by 6.Be2. One recent example that illustrates White's strategy went:} 7. Be2
Nbd7 8. d3 Bd6 9. h3 Bxf3 (9... Bh5 $5) 10. Bxf3 O-O 11. O-O b5 12. Rc1 Qe7 13.
Rc2 Rac8 14. g3 Ne5 15. Be2 dxc4 16. dxc4 Rfd8 17. Qc1 bxc4 18. bxc4 c5 19. Rd1
h5 20. Rcd2 Qc7 21. f4 Nc6 22. Bf3 $14 {1-0 Socko,B (2570)-Fontaine,R (2531)/
Athens 2004/CBM 103 ext (38)}) 7. h3 Bxf3 8. Qxf3 {Black has managed to build
up an impressive centre but he has to act with care in order to avoid becoming
over-extended, especially that White has the pair of bishops. Black has to
decide now where to develop his bishop.} Be7 $146 {A new move, anticipating
White's next move and connected with an interesting concrete idea.} ({
Developing the bishop to g7 looks too time consuming, allowing White put the
enemy centre under strong pressure:} 8... g6 9. g3 Bg7 10. cxd5 cxd5 11. Bg2 e4
12. Qe2 Nc6 13. d3 Nb4 14. dxe4 Nxe4 15. Nxe4 Bxb2 16. Rd1 Bg7 17. a3 Qe7 18.
axb4 dxe4 19. Qc4 O-O 20. Qxe4 Bc3+ 21. Ke2 Qxe4 22. Bxe4 Bxb4 23. Bxb7 Ra7 24.
Bd5 $16 {1-0 Doettling,F (2518)-Fontaine,R (2452)/Germany 2001/EXT 2003 (68)})
(8... Bb4 {is an interesting move. Black places the bishop on a square where
it doesn't disturb the coordination of the other pieces, indirectly releases
the pressure against d5 and hopes to provoke a weakening of the white queen
side.} 9. Be2 (9. a3 Ba5 10. b4 Bc7 {is precisely the kind of action Black is
hoping for. With his development incomplete, White will have problems keeping
both his wings under control.} 11. d3 O-O 12. g4 d4 13. exd4 exd4 14. Ne2 Nbd7
15. Bxd4 Be5 16. Qe3 Re8 17. f4 Bxd4 18. Qxd4 a5 $1 $44 {0-1 Socko,B (2564)
-Volkov,S (2609)/Batumi 2002/CBM 090 (45)}) 9... O-O 10. Rd1 Qd6 {With the
bishop on b4, this move, keeping the d5-pawn defended in view of Nbd7, looks
very natural.} 11. O-O Nbd7 12. d3 Rfe8 13. Qg3 Rad8 14. Bf3 Qe6 $13 {1-0
Milov,V (2633)-Kallai,G (2525)/France 1999/EXT 2000 (40)}) 9. g4 {Running
directly into Black's plans. Once the bishop has been developed to e7, White
should have refrained from weakening the h4-d8 diagonal.} (9. d3 $5) (9. g3 $5)
9... e4 10. Qg2 O-O 11. f3 exf3 12. Qxf3 Ne4 $5 13. Nxe4 dxe4 14. Qxe4 Bh4+ 15.
Kd1 Bf6 16. Bd3 g6 17. Bxf6 Qxf6 18. Kc2 {The mass exchanges that took place
during the last move have left White with a rather passive bishop, restricted
by the enemy pawns and with a rather exposed king's position.} c5 $2 {Black
willingly opens a new diagonal for the bishop and weakens the d5-square.} (
18... Nd7 $142 {[%csl Rd3,Re4][%cal Yd7c5]} 19. Raf1 Qg5 20. Qg2 a5 $44 {
[%csl Rc2][%cal Ya5a4] The difference of activitz between the minor pieces as
well as the comparativelz more exposed position white king+s position offer
Black adequate compensation.}) 19. Qf4 Qb6 20. Be4 Nc6 21. a3 {/\Bd5} a5 22.
Bxc6 $1 Qxc6 23. a4 {Freeying the queen side.} Rad8 24. Rad1 Rfe8 25. Rhf1 Rd7
26. Qf3 Qb6 27. h4 $16 {[%csl Rg8][%cal Yh4h5] White is a sound pawn up and
has the safer king+s position alreadz.} Re6 28. h5 Qb4 29. Qf4 Rb6 30. Qb8+ Kg7
31. h6+ Kxh6 32. Rh1+ Kg7 33. Rxh7+ Kf6 34. Qh8+ Ke6 35. Qc3 Rbd6 36. d4 Ke7
37. Rf1 Rf6 38. Rxf6 Qxc3+ 39. Kxc3 Kxf6 40. d5 Kg5 41. e4 Kf4 42. Kd3 Re7 43.
g5 b6 44. Rh8 Rb7 45. Rf8 Re7 46. Rb8 Rxe4 47. Rxb6 Re3+ 48. Kd2 Rg3 49. Rb7
Ke5 50. Rxf7 Rxb3 51. Rf6 Kd4 52. Rf4+ Ke5 53. Rf6 Kd4 54. Rxg6 Kxc4 55. d6
Rd3+ 56. Ke2 Rd4 57. Rf6 Kd5 58. g6 Kc6 59. Kf3 Rd3+ 60. Kf4 Rd1 61. Kf5 Rg1
62. Ke6 c4 63. Ke7 1-0

[Event "POL-ch 62nd"]
[Site "Poznan"]
[Date "2005.04.25"]
[Round "5"]
[White "Markowski, Tomasz"]
[Black "Bobras, Piotr"]
[Result "1/2-1/2"]
[WhiteElo "2560"]
[BlackElo "2501"]
[Annotator "Marin,M"]
[PlyCount "51"]
[EventDate "2005.04.21"]
[EventType "tourn"]
[EventRounds "13"]
[EventCountry "POL"]
[EventCategory "12"]
[SourceTitle "CBM 107"]
[Source "ChessBase"]
[SourceDate "2005.08.01"]
[SourceVersion "1"]
[SourceVersionDate "2005.08.01"]
[SourceQuality "1"]

1. g3 d5 2. Nf3 c6 3. Bg2 Bg4 4. O-O Nd7 5. d3 e6 6. c4 Ngf6 7. cxd5 exd5 8.
Nc3 Be7 9. h3 {It is always a question in the Reti about which is the right
moment to play this move.} Bxf3 10. Bxf3 d4 $5 {A controversial move.
Black'sobvious aim is to prevent White's expansion in the centre by means of
e4, but opening the long light squared diagonal certainly presents some
strategic risk. Since Black's main hope to restrict the enemy bishop is the
tandem of pawns b7-c6, preventing its further submination with b4-b5 is of
crucial importance.} (10... O-O 11. e4 {/\|^[+]}) 11. Nb1 {We can safely call
this a novelty, since in the only earlier game where this move occured 
(Radulov-Atakisi 2002) a draw was agreed immediately. Markowsky aimed to
improve over a recent game of his where he failed to get an advantage. By
keeping the knight, he probably hoped to put pressure on the d4-pawn, but the
time invested in the regroupment will allow Black keep the control of the
position.} (11. Ne4 {is more natural and probably better.} {Possibly, the
safest continuation for Black is} a5 {but this has not been seen in practice
yet.} (11... O-O $5 {has the drawback that White gets chances to start the
queen side minority's attack:} 12. Nxf6+ Nxf6 {/\a5} (12... Bxf6 13. b4 $5 {
1-0 Shirov,A (2500)-Vyzmanavin,A (2560)/Lvov 1990/CBM 018/[Horn,Pe] (62)}) 13.
Bg5 $1 $14 {[%csl Rf3][%cal Rg5f6,Yb2b4,Ya2a4] /\Bxf6+/=} (13. b4 $6 Qd7 $1 {
[%csl Yb4,Rb7,Yh3] ><b7, /\Qxh3, /\Bxb4}) 13... Nd5 14. Bxe7 Nxe7 15. b4 $36) (
{Therefore,} 11... Nxe4 $5 {was also tried.} {However,} 12. dxe4 {deserves
investigation.} ({Inded, after} 12. Bxe4 a5 $1 {White has no easy way to prove
an active plan.} 13. e3 {The only dynamic approach I found, aiming to take
advantage of the fact that Black has slightly delayed castling.} (13. Bg2 O-O
14. Bd2 Qb6 15. Qc2 Rfe8 16. Bf4 Bf8 17. Rfc1 Re6 18. Rab1 Rae8 19. Bf1 Nf6 {
1/2-1/2 Markowski,T (2570)-Riazantsev,A (2596)/Geneve 2005/CBM 104 ext}) (13.
a3 Nc5 14. Bf3 a4 $15) 13... dxe3 14. Bxe3 Nf6 15. Qb3 Qd7 (15... Nxe4 $6 16.
dxe4 Qc8 17. a4 $1 {It is important to prevent Black winning space on the
queen side. The threat against the h4-pawn is ilusory while Black hasn't
castled yet, because 17...Qxh3 18.Qxb7 leaves White with the initiative.} O-O
18. Kg2 $14 {In view of his more flexible pawn structure, White's position
should be preferred.}) 16. a4 O-O 17. Kg2 Bb4 $11 {Black has a very stable
position and the pair of bishops is at most a compensation for the structural
defects.}) 12... Qb6 13. Bg2 Rd8 14. f4 (14. Rb1 $5 {/\b4} a5 15. e3 Bc5 16.
exd4 Bxd4 17. Bg5 $36 f6 $6 18. Bd2 $16 {/\Qh5+, /\Qa4, קa5, עe8}) 14... O-O
15. Kh1 Rfe8 16. b3 $6 (16. e5 $13) 16... Bb4 $15 {1/2-1/2 Obukhov,A (2444)
-Erenburg,S (2475)/Alushta 2002/CBM 092 (35)})) 11... a5 12. Nd2 O-O 13. Qc2
Re8 14. Bg2 Bf8 15. Nf3 Ne5 {Black is just in time to exchange the enemy
knight anyway, thus neutralising the pressure against the d4-pawn.} 16. Nxe5
Rxe5 17. Bf4 Rc5 18. Qa4 Rb5 19. Rab1 Qb6 20. Qc2 Re8 21. Bf3 {White has a
solid position and the pair of bishops but he can hardly show up any active
plan. The only problem is whether Black can break the enemy fortress.} Nd5 22.
Bd2 Bb4 23. Bxb4 axb4 24. Qc4 Nf6 25. Rfc1 h5 26. Ra1 1/2-1/2

[Event "Moscow Aeroflot op-A"]
[Site "Moscow"]
[Date "2005.02.15"]
[Round "1"]
[White "Malakhov, Vladimir"]
[Black "Yakovich, Yuri"]
[Result "1-0"]
[WhiteElo "2664"]
[BlackElo "2585"]
[Annotator "Marin,M"]
[PlyCount "149"]
[EventDate "2005.02.15"]
[EventType "swiss"]
[EventRounds "9"]
[EventCountry "RUS"]
[SourceTitle "CBM 106"]
[Source "ChessBase"]
[SourceDate "2005.06.06"]
[SourceVersion "1"]
[SourceVersionDate "2005.06.06"]
[SourceQuality "1"]

1. Nf3 d5 2. g3 Bg4 3. Bg2 Nd7 {This is an ambitious way to start the game
against the Reti, but one that allows White to setup an assymetrical structure
of pawns, something not really typical for this opening.} 4. c4 e6 (4... dxc4
$6 5. Na3 c6 6. Nxc4 Ngf6 7. b4 e6 8. Qb3 Bxf3 9. Bxf3 Be7 10. Bb2 O-O 11. a3
Nd5 12. O-O Rc8 13. Rac1 a6 14. e4 N5f6 15. d4 Re8 16. Rfd1 Bf8 17. Rc2 $16 {
1-0 Marin,M-Korneev,O/Sitges 1996/EXT 99 (67)}) (4... c6 5. cxd5 cxd5 6. Qb3
$14) 5. cxd5 exd5 6. O-O Ngf6 7. h3 Bh5 ({Capturing on f3 is an important
alternative. Malakhov had some experience with it already. Curiously, he
adopted the same structure in the centre as in the present game:} 7... Bxf3 8.
Bxf3 c6 9. d3 Bc5 10. Nc3 O-O 11. Qb3 Qb6 12. Qc2 Bd4 13. Bd2 Rfe8 14. e3 Be5
15. d4 {(Not so usual in the Reti)} Bd6 16. b4 {[%cal Yc3a4,Ya4c5,Ra2a4,Rb4b5]}
a6 17. Rab1 Qc7 18. Kg2 Nb6 19. e4 $5 {[%csl Yc4][%cal Rf3c6]} dxe4 20. Nxe4
Nxe4 21. Bxe4 h6 22. Bf3 Nd5 23. a4 Red8 24. b5 axb5 25. axb5 Be7 26. bxc6 bxc6
27. Rfc1 Bf6 $14 {/=, 1-0 Malakhov,V-Komarov,D/Saint Vincent 2002/CBM 086 ext 
(95)}) 8. Nc3 c6 9. d3 (9. d4 {would have been a shorter way to reach the
structure from the game.} Bd6) 9... Bc5 10. d4 $5 {One could get the sensation
that White made his decision over the board. However, we know already that
Malakhov doesn't have anything against advancing the pawn to d4 in this
variation.} ({More typical for this variation is} 10. a3 $5 $146 {[%cal Yb2b4]}
a5 11. e4 {1-0 Marin,M-Krasenkow,M/Elista 1998/CBM 66 ext/[Horn,Pe] (40)})
10... Bd6 11. Nh4 O-O 12. Qd3 {Traditionally, this kind of positions have been
considered as more or less equal. However, this game proves that White's play
is a lot easier than Black's. He has some advantage of space and a more
comfortable development of his pieces.} Bg6 $6 {This premature retreat of the
bishop is one of the main causes for Black's future problems. Black
unnecessarily gives up the pair of bishops, spoils his king side structure and
releases the pressure against the e2-pawn. He might have feared that by
defending the g3-square White intended to trap the bishop with f4 and g4.} ({
However,} 12... Re8 {, continuing the development, would have been entirely
possible.} 13. Bg5 (13. f4 $6 Bg6 $1 14. f5 Bh5 15. g4 $2 Nxg4 $1 16. hxg4 Qxh4
$17) 13... Qb6 {[%cal Ye8e6,Ya8e8]}) 13. Nxg6 hxg6 14. Bg5 {The fact that the
bishop has a stable outpost here is the first consequence of Black's inacuracy.
} Re8 15. Rac1 {It is hard to comment on this move. White probably wanted to
discourage the development of the black queen on the queen side (since ...Qc7
can be met by Nb5 while ...Qb6 allows Na4, a3, b4, Nc5; in both cases, the
rook is useful on c1). In any case, this mysterious move convinced Black to
transfer his queen to f8, where it will be relatively passive.} Re6 16. h4 $1 {
[%csl Rg6,Rg7][%cal Rg2h3,Rg1g2,Rf1h1,Yh4h5,Yh3d7] A wonderful multi-purpose
move. White prepares to activate the light squared bishop on an attractive
diagonal, deprives Black's king side pawns of any mobility and threatens with
an eventual attack along the h-file.} Qf8 17. Bh3 Ree8 18. Kg2 Be7 19. Rh1 {
As we shall see, this declaration of intentions on the king side was in first
place aimed to restrict Black's possibilities, rather than a signal for an
immediate attack. The h-pawn will be advanced only 29 moves later, deep in the
endgame.} Nb6 {Obviously, Black didn't like to have both his knights under the
pressure of the enemy bishops.} 20. Bxf6 $1 {Now that the knights are not
connected any more, this exchange is well-timed. One move earlier, this
exchange would have been followed by Nxf6, keeping the e4 and h5-squares under
control.} Bxf6 21. b3 {[%csl Yc4]} a5 22. e3 {[%csl Yf6] With his last two
moves, White considerably restricted the activity of the enemy minor pieces.
We have reached a position where, compared with a normal Karlsbad structure,
White has an active placement of his pieces, with a very safe position of the
king. Black can hardly start any king side counterplay, because of his
deffects of structure.} Qe7 23. Qc2 Nc8 {[%csl Rc4,Re4][%cal Yc8d6]} 24. Bxc8
$1 Raxc8 25. Na4 $14 {/+/- This last exchange has increased White's advantage.
He can now proceed with his queen side attack at his own convenience.} Qe4+ 26.
Qxe4 Rxe4 27. Nc5 Re7 28. a3 Rec7 29. b4 Ra8 30. Nd3 Be7 31. Rc3 Bd6 32. Rhc1
Kf8 33. Rb1 Ra6 34. b5 Rb6 35. a4 cxb5 36. Rxc7 Bxc7 37. axb5 Rd6 38. Rc1 Bd8
39. Nc5 b6 40. Na4 Ke7 41. Kf3 Kd7 42. Ke2 Be7 43. Nc3 Kd8 44. Kd3 Rd7 45. Na4
Rd6 46. Rh1 Rf6 47. f4 Bb4 48. h5 Kc7 49. g4 Rd6 50. hxg6 Rxg6 51. g5 f5 52.
gxf6 Rxf6 53. Rh5 Rd6 54. Rg5 g6 55. Re5 Kd7 56. Ke2 Kd8 57. Kf3 Kd7 58. Kg4
Bd2 59. Kf3 Kd8 60. Ke2 Bb4 61. Kd1 Kd7 62. Kc1 Kd8 63. Kc2 Kd7 64. Nb2 Be1 65.
Rg5 Bf2 66. Kd2 Bh4 67. Rg4 Be7 68. Nd3 Ke8 69. Ne5 Bf6 70. Nxg6 Rd7 71. Ne5
Bxe5 72. dxe5 a4 73. Rg8+ Kf7 74. Ra8 Ke6 75. Rxa4 1-0

[Event "Gausdal GM-A"]
[Site "Gausdal"]
[Date "2005.04.15"]
[Round "3"]
[White "Lie, Kjetil A"]
[Black "Vidonyak, Roman"]
[Result "1-0"]
[WhiteElo "2495"]
[BlackElo "2417"]
[Annotator "Marin,M"]
[PlyCount "87"]
[EventDate "2005.04.13"]
[EventType "tourn"]
[EventRounds "9"]
[EventCountry "NOR"]
[EventCategory "10"]
[SourceTitle "CBM 107"]
[Source "ChessBase"]
[SourceDate "2005.08.01"]
[SourceVersion "1"]
[SourceVersionDate "2005.08.01"]
[SourceQuality "1"]

1. c4 Nf6 2. g3 c6 3. Bg2 d5 4. Nf3 dxc4 5. Qc2 Qd5 {This move is aimed to
create White problems with winning the pawn back wothout weakening the long
diagonal as is the case with 5...b5. Clearly, developing the queen at such an
early stage of the game is rather double edged.} 6. Nc3 Qf5 $5 {This move is
aimed to put as much pressure on White as possible.} ({In case of} 6... Qh5 7.
Ne4 {White's play has a less concrete character and he can prove long term
compensation for the pawn.} Nxe4 8. Qxe4 Be6 (8... b5 $2 9. a4) 9. Qf4 Na6 (
9... Qf5 10. Qc7 Bc8 11. Ne5 Qe6 12. d4 Na6 13. Qa5 f6 14. Nf3 Qd6 15. O-O g6
16. a3 Bg7 17. Qc3 Be6 18. e4 O-O 19. Bf4 Qd7 20. Rad1 Rfd8 21. Qa5 Bf7 22.
Rfe1 g5 23. Be3 Nc7 24. h4 g4 {1/2-1/2 Landenbergue,C (2410)-Soffer,R (2445)/
Geneve 1991/CBM 021 ext}) 10. O-O Rd8 (10... f6 11. b3 cxb3 12. axb3 Bd5 13.
Rxa6 bxa6 14. Qa4 Qf5 15. d3 Qd7 16. e4 Bf7 17. e5 Bd5 18. Re1 e6 19. exf6 gxf6
20. Nd4 e5 21. Nf5 Bxg2 22. Kxg2 Bc5 23. d4 Bb6 24. dxe5 Qxf5 25. exf6+ Kd8 {
1/2-1/2 Hug,W (2445)-Huebner,R (2595)/Nuremberg 1990/EXT 2000} (25... Kd8 26.
Qxc6 Qxf2+ 27. Kh3 Qxe1 28. Qxa8+ Kd7 $8 29. Qxh8 Qxc1 30. Qxh7+ Ke6 $8 31.
Qe7+ Kf5 $8 32. f7 Qh6+ 33. Kg2 Qd2+ $11)) 11. b3 Qf5 (11... cxb3 12. axb3 Bxb3
$2 13. Rb1 $146) 12. Qxf5 Bxf5 13. bxc4 f6 14. d3 e5 15. Rb1 Rd7 16. Nd2 Nc5
17. Nb3 $14 {1/2-1/2 Hug,W (2445)-Adams,M (2505)/Luzern 1989/CBM 016/[Horn,Pe]}
) 7. e4 {A very commital move, weakening several squares and obstructing the
bishop, but White has to maintain his initiative somehow.} Qh5 8. Ne2 {
Attacking the c4-pawn, preparing to harrass the enemy queen and hoping to
discourage the attempt to exchange the light squared bishops with ...Bh3.} Bh3
$5 {Nevertheless! Black obviously had done some preparation about this line.} (
8... e5 $2 9. h3 Na6 10. g4 Nxg4 (10... Qg6 11. Nxe5 Qh6 12. d4 Qh4 13. Nf3 $18
) (10... Qh6 11. g5 $18) 11. Ng3 Qg6 12. hxg4 Nb4 13. Qxc4 Be6 14. Qc3 Nxa2 15.
Nxe5 Qf6 16. Rxa2 Bxa2 17. d4 Qe6 18. g5 Rd8 19. Be3 g6 20. O-O Bd6 21. Nxc6 {
1-0 Vaulin,A (2550)-Solozhenkin,E (2505)/Elista 1994/CBM 044/[Horn,Pe]}) (8...
Qb5 $5) 9. Nf4 Bxg2 10. Nxh5 Nxh5 {As a result of this tactical operation,
Black will get at least sufficient material equivalent for the queen.} 11. Ne5
$1 $146 {White rightly decides to keep the more active, though less strong,
piece.} (11. Rg1 $6 Bxf3 12. Qxc4 Nd7 13. d3 Rd8 14. Bf4 g5 15. Bc7 Rc8 16. Ba5
Bg7 17. Bc3 Ne5 18. Bxe5 Bxe5 19. d4 Bc7 20. Qd3 g4 $17 {0-1 Yosilevich,D 
(2220)-Jakovenko,D (2564)/Dos Hermanas 2004/CBM 099 ext (41)}) 11... Bxh1 12.
Qxc4 e6 13. Qe2 {[%csl Gh1][%cal Rd2d4,Rf2f3,Rc1e3] In spite of his huge
material advantage, Black has no obvious way to save his bishop. Being rather
undeveloped, he can hardly generate any complications that would prevent
White's simple plan d4, Be3, Kf2 or 0-0-0.} Nf6 (13... g6 {/\Bg7, פe5, /\f5, /
^h1-d5} 14. f3 $1 (14. Kf1 $5 f5 15. d3 Bg7 16. Kg1 $5 Bxe5 17. exf5 $44) 14...
Na6 15. d4 {/\Be3, Kf2}) 14. f3 Nbd7 {Black decides to play natural moves and
rightly so.} (14... Bd6 15. d4 Bxe5 16. dxe5 Nfd7 17. Bf4 {/\0-0-0} g5 $2 18.
Bxg5 Nxe5 19. O-O-O $18 {/\Rd8#}) 15. Nxd7 Nxd7 16. d4 e5 17. Be3 Bb4+ 18. Kf2
Bxf3 19. Qxf3 exd4 20. Bxd4 Bc5 21. Qc3 (21. Bxc5 Nxc5 22. Rd1 O-O {/\Ne6, Rad8
}) 21... Bxd4+ 22. Qxd4 {White has a minimal material advantage that is rather
difficult to convert. Black should aim to build up a fortress.} Nf6 $2 (22...
f6 $1 23. Rd1 Ne5 $11 {should be sufficient for a draw. In case White gets
over-ambitious with} 24. Qd6 Kf7 25. Qc7+ Kg6 26. Qxb7 $2 {he can get under
attack after} Rhb8 27. Qa6 Rxb2+ $40) 23. Qe5+ Kf8 24. Kg1 $16 {/+- Black's
poor coordination makes his survival virtually impossible.} Re8 25. Qc5+ Kg8
26. Qxa7 h5 27. Qxb7 h4 28. Qxc6 hxg3 29. hxg3 Re6 30. Qc8+ Kh7 31. Qc2 Nxe4
32. Rf1 Rhe8 33. Rxf7 Kg8 34. Qc7 Nf6 35. Rxg7+ Kh8 36. Rg5 Re1+ 37. Kg2 R8e2+
38. Kf3 Re3+ 39. Kf4 Re7 40. Qc8+ Re8 41. Qh3+ Nh7 42. Rf5 R1e2 43. Kf3 Kg7 44.
Qg4+ 1-0